ბათუმის შოთა რუსთაველის სახელმწიფო უნივერსიტეტის ბიბლიოთეკა

გვიმრის ფოთლები (ბიბ.ჩანაწერი № 42339)

000 -LEADER
fixed length control field 00733nam a2200229Ia 4500
001 - CONTROL NUMBER
control field 9035
003 - CONTROL NUMBER IDENTIFIER
control field GE_BSU
008 - FIXED-LENGTH DATA ELEMENTS--GENERAL INFORMATION
fixed length control field 181216s||||||||xx |||||||||||||| ||und||
040 ## - CATALOGING SOURCE
Transcribing agency GE_BSU
080 ## - UNIVERSAL DECIMAL CLASSIFICATION NUMBER
Universal Decimal Classification number 821.353.1–31
100 ## - MAIN ENTRY--PERSONAL NAME
Personal name კობიძე,რამაზ
245 ## - TITLE STATEMENT
Title გვიმრის ფოთლები
245 ## - TITLE STATEMENT
Remainder of title რომანი წ.2
245 ## - TITLE STATEMENT
Statement of responsibility, etc. რედ.ლ.თურმანიძე.მხატვ.ი.დივნოგორცევა–გრიგოლა
260 ## - PUBLICATION, DISTRIBUTION, ETC.
Place of publication, distribution, etc. თბილისი
260 ## - PUBLICATION, DISTRIBUTION, ETC.
Name of publisher, distributor, etc. მერანი
260 ## - PUBLICATION, DISTRIBUTION, ETC.
Date of publication, distribution, etc. 1983
300 ## - PHYSICAL DESCRIPTION
Extent 284გვ.21სმ.
653 ## - INDEX TERM--UNCONTROLLED
Uncontrolled term გვიმრის ფოთლები
653 ## - INDEX TERM--UNCONTROLLED
Uncontrolled term რომანი
942 ## - ADDED ENTRY ELEMENTS (KOHA)
Koha item type წიგნი
ეგზემპლარები
Withdrawn status Lost status Damaged status Not for loan Date acquired Barcode Date last seen Price effective from Koha item type
        2018-12-17 31661 2018-12-17 2018-12-17 წიგნი
        2018-12-17 31662 2018-12-17 2018-12-17 წიგნი